000 00454nam a2200157 i 4500
001 31048
003 ES-MaACL
005 20230906154311.0
007 t|
008 030128s1932 fr ||||1| fre d
100 1 _aBatuecas, Tomás.
_926494
245 1 0 _aQuelques remarques a un travail de M. Raymond, T. Birge /
_cpar Tomás Batuecas.
260 _aParís :
_bPresses Universitaires de France,
_c1932.
300 _a4 p.
852 _aES-MaACL
_j1823-F-7
999 _c31048
_d31048